| 000 | 01319nam a22002177a 4500 | ||
|---|---|---|---|
| 999 |
_c59630 _d59630 |
||
| 005 | 20251106182120.0 | ||
| 008 | 230324c2022 ge ||||| |||| 00| 0 geo d | ||
| 022 | _a27208443 | ||
| 041 | _ageo | ||
| 245 |
_aმაცნე: _bენის, ლიტერატურისა და ხელოვნების სერია / _cრედ. ავთანდილ არაბული, ვალერი ასათიანი, რისმაგ გორდეზიანი, ინესა მერაბიშვილი და სხვ. |
||
| 260 |
_aთბილისი, _c2022. |
||
| 300 |
_a282 გვ. ; _b25 სმ. |
||
| 653 | _aმაცნე | ||
| 653 | _aპერიოდიკა | ||
| 700 |
_aარაბული, ავთანდილ _eრედაქტორი _917246 |
||
| 700 |
_a ასათიანი, ვალერი _eრედაქტორი _917247 |
||
| 700 |
_aგორდეზიანი, რისმაგ _eრედაქტორი _917248 |
||
| 700 |
_aმერაბიშვილი, ინესა _eრედაქტორი _917249 |
||
| 856 |
_ypdf. ელ. ვერსია (პირველი ტომის) _uhttp://science.org.ge/wp-content/uploads/2023/02/ena-2022-1_compressed-compressed.pdf |
||
| 942 |
_2udc _cCR |
||